00931cam a2200205 i 4500020001800000020001800018041000800036082001300044100002300057245006700080260002700147300004100174505029800215650002300513650002200536650001800558942000700576952012500583999001700708 a9780262042857 a9780262539623 aENG00a776bMIL1 aMiller, Arthur I.,14aThe artist in the machine : The world of AI-powered Creativity aU.S.AbMIT Pressc2020 axxviii, 399 pages :billustrations ;2 aUnderstanding creativity -- Portrait of the computer as an artist -- Machines that make music : putting the 'rhythm into 'algorithm' -- Once upon a time : computers that tell stories -- The world's first computer-composed musical : Beyond the fence, staged by Android Lloyd Webber and friends. 0aArt and computers. 0aCreative ability. 0aComputer art. cBK 00104070aHMIbHMIcGENd2025-09-26eKohinoor Book Distributorg2476.00l0o776 MILp26025r2025-09-26w2025-09-26yBK c23582d23582